Anthony Browne

Αποθηκεύτηκε σε:
Λεπτομέρειες βιβλιογραφικής εγγραφής
Κύριος συγγραφέας: Bruel, Christian
Μορφή: Βιβλίο
Γλώσσα:French
Δημοσίευση: Paris : Boitazoutils, 2001.
Θέματα:
Ετικέτες: Προσθήκη ετικέτας
Δεν υπάρχουν, Καταχωρήστε ετικέτα πρώτοι!

MARC

LEADER 00000cam a2200000 i 4500
001 1/54540
008 040512s2001 fr | ||| |||| ||fre||
020 |a 2844070213 
035 |l 10073279 
040 |a GR-MY-UA  |b gre  |e aacr 
041 0 |a fre 
082 7 |a 741.642092   |2 (22) 
100 1 |a Bruel, Christian. 
245 1 0 |a Anthony Browne /   |c Christian Bruel. 
260 |a Paris :   |b Boitazoutils,   |c 2001. 
300 |a 311 σ. ;   |c 20 εκ. 
600 1 0 |a Browne, Anthony,   |d 1946- 
650 0 0 |a Illustrators. 
650 0 0 |a Illustrated children's books. 
852 |a INST  |b RHODES  |e 20040512  |h 741.642092 BRU  |p 005400019136  |q 005400019136  |t BK  |y 0 
901 |a BIBL4-2004-2 
970 |a ΚΟΥΛΑΚΙΟΤΗ  |b ΛΙΤΣΑ  |z 2004/05/12